Modern applied mathematics : probability - statistics - operational research
Saved in:
| Main Author: | |
|---|---|
| Format: | Book |
| Language: | English |
| Published: |
London :
English Universities Press,
1970
|
| Subjects: | |
| Tags: |
Add Tag
No Tags, Be the first to tag this record!
|
MARC
| LEADER | 00000cam a2200000 i 4500 | ||
|---|---|---|---|
| 001 | 1/19759 | ||
| 008 | 120521s1970 eng d | ||
| 020 | |a 0340114568 (paperback) | ||
| 035 | |l 10112548 | ||
| 040 | |a GR-MY-UA |b gre |e aacr | ||
| 041 | 0 | |a eng | |
| 082 | 0 | |a 519.2 |2 (22) | |
| 100 | 1 | |a Turner, John Cristopher. | |
| 245 | 1 | 0 | |a Modern applied mathematics : |b probability - statistics - operational research / |c [by] J. C. Turner |
| 260 | |a London : |b English Universities Press, |c 1970 | ||
| 300 | |a viii, 502 σ.; |c 22 εκ. | ||
| 500 | |a Περιλαμβάνει βιβλιογραφικές αναφορές, ευρετήριο και απαντήσεις των ασκήσεων. | ||
| 650 | 0 | 0 | |a Probabilities. |
| 650 | 0 | 0 | |a Statistics. |
| 650 | 0 | 0 | |a Operations research. |
| 852 | |a INST |b SAMOS |e 20120521 |h 519.2 TUR |p 005300033796 |q 005300033796 |t BK |y 0 | ||
| 901 | |a BIBL3-2012-2 | ||
| 909 | |a Σ |b 172284 | ||
| 970 | |a ΓΟΥΒΑΛΑ |b ΒΑΣΩ |z 2012/05/21 | ||